Glotta Zeitschrift für griechische und lateinische Sprache.
"Sprachliche untersuchungen zu Homer von J. Wackernagel [1. Hälfte]": v. 7, p. 161-319. The 2nd part of this work was issued as a supplement to v. 7.
| Other Authors: | , , |
|---|---|
| Format: | Electronic Serial |
| Language: | German French English |
| Published: |
Göttingen :
Vandenhoeck und Ruprecht,
1909-
|
| Subjects: | |
| Online Access: | Full text available from Research Library: 01/01/2004 to present |
MARC
| LEADER | 00000nas a2200000 a 4500 | ||
|---|---|---|---|
| 001 | ssj0048279 | ||
| 003 | WaSeSS | ||
| 005 | 20200512172242.0 | ||
| 006 | m d | ||
| 007 | cr n | ||
| 008 | 751019c19099999gw ar s 0 0ger c | ||
| 010 | |a 2010234960 | ||
| 022 | |y 0017-1298 | ||
| 035 | |a (WaSeSS)ssj0048279 | ||
| 040 | |a Nz |b eng |c Z5A |d OCLCQ |d YYP |d QE2 |d EYM |d OCLCE |d HUL |d OCLCQ |d OCLCO |d OCLCF |d OCLCO |d OCLCQ |d BUF |d VT2 |d WaSeSS | ||
| 041 | 0 | |a ger |a fre |a eng | |
| 042 | |a pcc | ||
| 050 | 1 | 4 | |a PA3 |b .G5 |
| 082 | 0 | 4 | |a 480.5 |b G563 |
| 245 | 0 | 0 | |a Glotta |h [electronic resource] : |b Zeitschrift für griechische und lateinische Sprache. |
| 260 | |a Göttingen : |b Vandenhoeck und Ruprecht, |c 1909- | ||
| 310 | |a Annual, |b 2005- | ||
| 321 | |a Four no. a year, |b 1909-2004 | ||
| 362 | 0 | |a 1. Bd., [Heft 1] (1909)- | |
| 500 | |a Title from volume title page (JSTOR, viewed Mar. 24, 2010). | ||
| 500 | |a Editors: Paul Kretschmer, Franz Skutsch, Wilhelm Kroll. | ||
| 506 | |a License restrictions may limit access. | ||
| 515 | |a Suspended 1944-1947. | ||
| 520 | |a "Sprachliche untersuchungen zu Homer von J. Wackernagel [1. Hälfte]": v. 7, p. 161-319. The 2nd part of this work was issued as a supplement to v. 7. | ||
| 520 | |a 1909-1934 include section: Literaturbericht für das Jahr 1907-1932. | ||
| 546 | |a Articles in German, French and English, <2005-> | ||
| 555 | |a Gesamt-register zu den ersten zwanzig Bänden ... 1909-1932. Göttingen : Vandenhoeck and Ruprecht, 1934. | ||
| 588 | |a Latest issue consulted: Bd. 83 (2007) (JSTOR, viewed Mar. 24, 2010). | ||
| 650 | 0 | |a Classical philology |v Periodicals. | |
| 650 | 6 | |a Philologie ancienne |v Périodiques. | |
| 650 | 7 | |a Classical philology. |2 fast |0 (OCoLC)fst00863532 | |
| 650 | 1 | 7 | |a Klassieke talen. |2 gtt |
| 650 | 1 | 7 | |a Taalkunde. |2 gtt |
| 655 | 0 | |a Electronic journals. | |
| 700 | 1 | |a Kretschmer, Paul, |d 1866-1956. | |
| 700 | 1 | |a Skutsch, Franz, |d 1865-1912. | |
| 700 | 1 | |a Kroll, Wilhelm, |d 1869-1939. | |
| 776 | 0 | 8 | |i Print version: |t Glotta |x 0017-1298 |w (DLC) 15021054 |w (OCoLC)1714662 |
| 856 | 4 | 0 | |z Full text available from Research Library: 01/01/2004 to present |u https://search.proquest.com/publication/44910 |